The millennium book on New Delhi / (Record no. 35088)

MARC details
000 -LEADER
fixed length control field 00965nam a2200253 a 4500
005 - DATE AND TIME OF LATEST TRANSACTION
control field 20210422124753.0
010 ## - LCCN (DPL NO)
LC control number B-379462 B-736365
020 ## - INTERNATIONAL STANDARD BOOK NUMBER
International Standard Book Number 0195654455
Terms of availability 2900.00
035 ## - SYSTEM CONTROL NUMBER
System control number B-379462
035 ## - SYSTEM CONTROL NUMBER
System control number B-736365
037 ## - SOURCE OF ACQUISITION
Source of stock number/acquisition Gift
037 ## - SOURCE OF ACQUISITION
Source of stock number/acquisition UBH
082 ## - DEWEY DECIMAL CLASSIFICATION NUMBER
Classification number 954.16
245 ## - TITLE STATEMENT
Title The millennium book on New Delhi /
Statement of responsibility, etc edited by B.P. Singh [and] Pavan K. Varma
260 ## - PUBLICATION, DISTRIBUTION, ETC. (IMPRINT)
Place of publication, distribution, etc New Delhi
Name of publisher, distributor, etc Oxford University Press
Date of publication, distribution, etc 2001
270 ## - ADDRESS
Address YMCA Library Building, Jai Singh Road,
City New Delhi
Postal code 110001
300 ## - PHYSICAL DESCRIPTION
Extent 257p.:
Other physical details col. ill.
Dimensions 33cm(Hb)
504 ## - BIBLIOGRAPHY, ETC. NOTE
Bibliography, etc includes bibliographical references and index
700 ## - ADDED ENTRY--PERSONAL NAME
Personal name Singh, B. P.
700 ## - ADDED ENTRY--PERSONAL NAME
Personal name Varma, Pavan K.
942 ## - ADDED ENTRY ELEMENTS (KOHA)
Source of classification or shelving scheme Dewey Decimal Classification
Item type Reference Books
Classification part 954.16
Call number suffix MIL
Holdings
Withdrawn status Lost status Not for loan Collection code Home library Current library Date acquired Source of acquisition Cost, normal purchase price Full call number Barcode Copy number Cost, replacement price Koha item type
    Not For Loan Reference Central Library Central Library 06/04/2010 UBH/245/24.2.10/178/23.2.10/24.2.10 2900.00 954.16 MIL B-379462 1 2900.00 Reference Books
      Reference Central Library Central Library 31/03/2021 Gift/Eng/17-03-2021 2900.00 954.16 MIL B-736365 1 2900.00 Reference Books

© Delhi Public Library
Hit Counter
free hit counter